000 00720nam a2200265Ia 4500
005 20260121170244.0
008 008 260114s9999 xx 000 0 eng d
020 _a9783319694740
037 _aEBOOK
040 _aCRL
040 _beng
040 _cCRL
041 _2eng
041 _aeng
084 _qCRL
100 _aU.M. Azeiteiro, M. AKERMAN, W. Leal Filho, A.F.F. Setti, L.L. Brandli
_91061673
245 0 _aLifelong Learning and Education in Healthy and Sustainable Cities
260 _bSpringer
260 _bSpringer
260 _c2018
856 _uhttps://link.springer.com/openurl?genre=book&isbn=978-3-319-69474-0
942 _cEBOOK
999 _c1627402
_d1627402